Поліс (Запис № 181934)
[ простий вигляд ]
| 000 -LEADER | |
|---|---|
| fixed length control field | 00247nam a22000977a 4500 |
| 041 ## - LANGUAGE CODE | |
| Language code of text/sound track or separate title | ukr |
| 245 ## - TITLE STATEMENT | |
| Title | Поліс |
| 260 ## - PUBLICATION, DISTRIBUTION, ETC. (IMPRINT) | |
| Place of publication, distribution, etc | К. |
| Date of publication, distribution, etc | №4 від 4.09.05 |
| 300 ## - PHYSICAL DESCRIPTION | |
| Extent | 25 |
| Other physical details | Журнал |
| 520 ## - SUMMARY, ETC. | |
| Summary, etc | Зміст:<br/>Автор Соколоава С. С. Історія |
| 942 ## - ADDED ENTRY ELEMENTS (KOHA) | |
| Koha item type | Книги |
Немає доступних примірників.